000
00256nam a22001217a 4500
008
170602b xxu||||| |||| 00| 0 eng d
041
_a
eng
080
_a
93
100
_a
17
101
_a
shh
245
_a
VIETNAM/ A HISTORY
_c
KARNOW, S
942
_2
udc
_c
BK
999
_c
15532
_d
15532